<?xml version="1.0" encoding="UTF-8"?>
<record
    xmlns:xsi="http://www.w3.org/2001/XMLSchema-instance"
    xsi:schemaLocation="http://www.loc.gov/MARC21/slim http://www.loc.gov/standards/marcxml/schema/MARC21slim.xsd"
    xmlns="http://www.loc.gov/MARC21/slim">

  <leader>00699nam a22002177a 4500</leader>
  <controlfield tag="003">0</controlfield>
  <controlfield tag="005">20160609165406.0</controlfield>
  <controlfield tag="008">100208t        xxu||||| |||| 00| 0 eng d</controlfield>
  <datafield tag="020" ind1=" " ind2=" ">
    <subfield code="a">978-92-5-206074-1</subfield>
  </datafield>
  <datafield tag="022" ind1=" " ind2=" ">
    <subfield code="a">1014-1197</subfield>
  </datafield>
  <datafield tag="040" ind1=" " ind2=" ">
    <subfield code="a">BIDOC</subfield>
    <subfield code="b">fr</subfield>
    <subfield code="c">bidoc</subfield>
  </datafield>
  <datafield tag="110" ind1=" " ind2=" ">
    <subfield code="a">FAO</subfield>
    <subfield code="9">3504</subfield>
  </datafield>
  <datafield tag="245" ind1=" " ind2=" ">
    <subfield code="a">La bios&#xE9;curit&#xE9; au service de la lutte contre l'influenza aviaire hautement pathog&#xE8;ne : contraintes et solutions possibles</subfield>
  </datafield>
  <datafield tag="260" ind1=" " ind2=" ">
    <subfield code="a">Rome</subfield>
    <subfield code="b">FAO</subfield>
    <subfield code="c">2008</subfield>
  </datafield>
  <datafield tag="300" ind1=" " ind2=" ">
    <subfield code="a">vii-81 p.</subfield>
    <subfield code="b">couv. ill. en coul.</subfield>
    <subfield code="c">25 cm.</subfield>
  </datafield>
  <datafield tag="440" ind1=" " ind2=" ">
    <subfield code="a">FAO Production et Sant&#xE9; Animales</subfield>
    <subfield code="n">165</subfield>
    <subfield code="9">3505</subfield>
  </datafield>
  <datafield tag="650" ind1=" " ind2=" ">
    <subfield code="a">Sant&#xE9; animale</subfield>
    <subfield code="9">3506</subfield>
  </datafield>
  <datafield tag="650" ind1=" " ind2=" ">
    <subfield code="a">Influenza virus aviaire</subfield>
    <subfield code="9">3507</subfield>
  </datafield>
  <datafield tag="650" ind1=" " ind2=" ">
    <subfield code="a">S&#xE9;curit&#xE9;</subfield>
    <subfield code="9">3508</subfield>
  </datafield>
  <datafield tag="942" ind1=" " ind2=" ">
    <subfield code="c">LIVR</subfield>
  </datafield>
  <datafield tag="999" ind1=" " ind2=" ">
    <subfield code="c">46920</subfield>
    <subfield code="d">46920</subfield>
  </datafield>
  <datafield tag="952" ind1=" " ind2=" ">
    <subfield code="0">0</subfield>
    <subfield code="1">0</subfield>
    <subfield code="4">0</subfield>
    <subfield code="7">0</subfield>
    <subfield code="a">BIDOC</subfield>
    <subfield code="b">BIDOC</subfield>
    <subfield code="d">2010-08-10</subfield>
    <subfield code="e">Ambassade de France</subfield>
    <subfield code="l">0</subfield>
    <subfield code="o">PA.2008.004</subfield>
    <subfield code="r">2010-08-10 00:00:00</subfield>
    <subfield code="w">2010-08-10</subfield>
    <subfield code="y">LIVR</subfield>
    <subfield code="z">Consultation sur place</subfield>
  </datafield>
  <datafield tag="952" ind1=" " ind2=" ">
    <subfield code="0">0</subfield>
    <subfield code="1">0</subfield>
    <subfield code="4">0</subfield>
    <subfield code="7">0</subfield>
    <subfield code="a">BIDOC</subfield>
    <subfield code="b">BIDOC</subfield>
    <subfield code="d">2010-08-10</subfield>
    <subfield code="e">FAO</subfield>
    <subfield code="l">0</subfield>
    <subfield code="o">PA.2008.004</subfield>
    <subfield code="r">2010-08-10 00:00:00</subfield>
    <subfield code="t">1</subfield>
    <subfield code="w">2010-08-10</subfield>
    <subfield code="y">LIVR</subfield>
  </datafield>
</record>
